00928nam a22002297a 4500999001700000003000900017008004100026040007100067082001900138100002600157245005400183260003000237300002800267505017700295650002400472650002100496650001700517700002900534942001600563945002000579952009900599 c18606d18606AR-CdUCM190514b ||||| |||| 00| 0 spa d aMUNICIPALIDAD PROVINCIAL DEL CUSCOcBIBLIOTECA MUNICIPAL DEL CUSCO a980.004 /bI59 aDos Santos, Theotonio aLa crisis del desarrollo y la nueva dependencia / aLima :bAsociados,c1969. a219 páginas ;c21 cm. aContenido : El nuevo carácter de la dependencia -- Cultura, ideología, dependencia y alienciación -- Estado, dependencia externa y desarrollo de américa latina ...  aDependencia 939293 aDesarrollo92021 aCrisis96852 aVasconi, Tomas A.939294 2ddccLIBROS arahd2019/05/14 002ddc4070aSHbSHcCARTd2019-05-14g25.00o980.004 / I59pSH0000013631r2019-05-14yLIBROS